Gaming Quiz

Random Gaming or Letter Quiz

Monopoly Corner Consonants Quiz Stats

 Plays Quiz Updated Mar 13, 2020

Support Sporcle.
Go Orange.
Score 0/11 Timer 00:30
2 Plays Today
% Correct
???
90.7%
???
82.7%
???
74.9%
???
74.7%
???
74.4%
???
74%
???
70.7%
???
65.8%
???
65.3%
???
50.5%
???
36.6%

From the Vault

Children's Book Characters

by schouw

This is a quiz for those who like their books with more pictures than words.
Remove Ads.
Support Sporcle.
Get the best of Sporcle when you Go Orange. This ad-free experience offers more features, more stats, and more fun while also helping to support Sporcle. Thank you for becoming a member.

Show Comments

Extras

Top Quizzes Today


Score Distribution

Your Account Isn't Verified!

In order to create a playlist on Sporcle, you need to verify the email address you used during registration. Go to your Sporcle Settings to finish the process.

Report this User

Report this user for behavior that violates our Community Guidelines.

Details: